| Tag |
First Indicator |
Second Indicator |
Subfields |
| LEADER |
00000cam a2200000 a 4500 |
| 001 |
in00000010822 |
| 005 |
20151007051927.0 |
| 008 |
870821s1987 nyu j 00011 eng |
| 010 |
|
|
|a 87045362
|
| 020 |
|
|
|a 0374326789 :
|c $11.95
|
| 035 |
|
|
|a (OCoLC)16539126
|
| 035 |
|
|
|9 AAA5483AM
|
| 040 |
|
|
|a DLC
|c DLC
|d TXA
|d UtOrBLW
|
| 049 |
|
|
|a [Curr Col] TXAM
|c [A12640326]
|
| 050 |
0 |
0 |
|a PZ7.C67342
|b Go 1987
|
| 082 |
0 |
|
|a [Fic]
|2 19
|
| 100 |
1 |
|
|a Cole, Brock.
|
| 245 |
1 |
4 |
|a The goats /
|c Brock Cole.
|
| 250 |
|
|
|a 1st ed.
|
| 264 |
|
1 |
|a New York :
|b Farrar/Straus/Giroux,
|c 1987.
|
| 300 |
|
|
|a 184 pages ;
|c 22 cm.
|
| 336 |
|
|
|a text
|b txt
|2 rdacontent
|
| 337 |
|
|
|a unmediated
|b n
|2 rdamedia
|
| 338 |
|
|
|a volume
|b nc
|2 rdacarrier
|
| 520 |
|
|
|a Stripped and marooned on a small island by their fellow campers, a boy and a girl form an uneasy bond that grows into a deep friendship when they decide to run away and disappear without a trace.
|
| 650 |
|
1 |
|a Camps
|x Fiction.
|
| 650 |
|
1 |
|a Runaways
|x Fiction.
|
| 650 |
|
1 |
|a Survival
|x Fiction.
|
| 650 |
|
1 |
|a Friendship
|x Fiction.
|
| 999 |
|
|
|a MARS
|
| 999 |
f |
f |
|s 3c37ae7b-2ca9-384d-9a8c-fc59f748e8c7
|i f46648d1-51b5-3bca-b282-aed5e95126c0
|t 0
|
| 952 |
f |
f |
|p ric
|a Texas A&M University
|b Rellis Campus
|c Joint Library Facility
|d Remote Storage
|t 0
|e PZ7.C67342 Go 1987
|h Library of Congress classification
|i unmediated -- volume
|m A14812640326
|
| 998 |
f |
f |
|a PZ7.C67342 Go 1987
|t 0
|l Remote Storage
|